MARC details
| 000 -LEADER |
| campo de control de longitud fija |
02425nas a2200553 i 4500 |
| 001 - NÚMERO DE CONTROL |
| campo de control |
193434 |
| 003 - IDENTIFICADOR DE NÚMERO DE CONTROL |
| campo de control |
SpMaBN |
| 005 - FECHA Y HORA DE LA ÚLTIMA TRANSACCIÓN |
| campo de control |
20250902215906.0 |
| 006 - CÓDIGOS DE INFORMACIÓN DE LONGITUD FIJA--CARACTERÍSTICAS DEL MATERIAL ADICIONAL |
| campo de control de longitud fija |
m g d |
| 007 - CAMPO FIJO DE DESCRIPCIÓN FÍSICA--INFORMACIÓN GENERAL |
| campo de control de longitud fija |
cr |
| 008 - DATOS DE LONGITUD FIJA--INFORMACIÓN GENERAL |
| campo de control de longitud fija |
030523c19969999sp mr|pso || 0|||b0spa |
| 010 ## - NÚMERO DE CONTROL DE LA BIBLIOTECA DEL CONGRESO |
| Número de control de LC |
c |
| Número de control de NUCMC |
2 |
| 022 0# - NÚMERO INTERNACIONAL NORMALIZADO PARA PUBLICACIONES SERIADAS |
| Número Internacional Normalizado para Publicaciones Seriadas |
0034-8619 |
| 035 ## - NÚMERO DE CONTROL DEL SISTEMA |
| Número de control de sistema |
(ISSN)16954408 |
| 035 ## - NÚMERO DE CONTROL DEL SISTEMA |
| Número de control de sistema |
(OCoLC)733129853 |
| 035 ## - NÚMERO DE CONTROL DEL SISTEMA |
| Número de control de sistema |
a4707964 |
| 040 ## - FUENTE DE CATALOGACIÓN |
| Centro catalogador/agencia de origen |
SpMaBN |
| Lengua de catalogación |
spa |
| Centro/agencia transcriptor |
SpMaBN |
| Normas de descripción |
rdc |
| 080 ## - NÚMERO DE LA CLASIFICACIÓN DECIMAL UNIVERSAL |
| Número de la Clasificación Decimal Universal |
624 |
| 210 0# - TÍTULO ABREVIADO |
| Título abreviado |
Rev. obras públicas |
| Información calificativa |
Internet |
| 222 #0 - TÍTULO CLAVE |
| Título clave |
Revista de obras públicas |
| Información calificativa |
Internet |
| 245 10 - MENCIÓN DEL TÍTULO |
| Título |
Revista de obras públicas |
| 246 13 - FORMA VARIANTE DEL TITULO |
| Título propio/Titulo breve |
Revista de obras públicas (Ed. Internet) |
| 260 ## - PUBLICACIÓN, DISTRIBUCIÓN, ETC. |
| Lugar de publicación, distribución, etc. |
Madrid : |
| Nombre del editor, distribuidor, etc. |
Imp. de Luis García, |
| Fecha de publicación, distribución, etc. |
1853- |
| 300 ## - DESCRIPCIÓN FÍSICA |
| Extensión |
194 v. ; |
| Dimensiones |
35 cm. |
| 310 ## - PERIODICIDAD ACTUAL |
| Periodicidad actual |
Mensual |
| 321 ## - PERIODICIDAD ANTERIOR |
| Periodicidad anterior |
Bimensual, |
| Fechas de la periodicidad anterior |
1853-1939 |
| 336 ## - TIPO DE CONTENIDO |
| Término de tipo de contenido |
Texto (visual) |
| Fuente |
isbdcontent |
| 337 ## - TIPO DE MEDIO |
| Nombre/término del tipo de medio |
textual |
| Fuente |
isbdmedia |
| 362 0# - FECHAS DE PUBLICACIÓN Y/O DESIGNACIÓN SECUENCIAL |
| Fecha de publicación y/o designación secuencial |
V. I (en. 1853)- |
| 500 ## - NOTA GENERAL |
| Nota general |
Última consulta, 4 diciembre 2023 |
| 500 ## - NOTA GENERAL |
| Nota general |
No se publicó de mayo de 1922 a abril de 1923. |
| 500 ## - NOTA GENERAL |
| Nota general |
No se publicó de nov. de 1936 a 1939. |
| 500 ## - NOTA GENERAL |
| Nota general |
En 1898 figura como fundada y sostenida por el Cuerpo Nacional de Ingenieros de Caminos, Canales y Puertos. |
| 500 ## - NOTA GENERAL |
| Nota general |
A partir de 1924 se publica por la Escuela Especial de Ingenieros de Caminos, Canales y Puertos. |
| 500 ## - NOTA GENERAL |
| Nota general |
El 1 de ag. de 1936 es intervenida por la Confederación Nacional de Ingenieros. |
| 500 ## - NOTA GENERAL |
| Nota general |
A partir de 1940 se publican también dos boletines quincenales. |
| 525 ## - NOTA DE SUPLEMENTO |
| Nota de suplemento |
N. 3434 (junio 2003), monográfico: "150 años de la Revista de obras públicas" |
| 525 ## - NOTA DE SUPLEMENTO |
| Nota de suplemento |
N. 3581 (noviembre 2016), monográfico: "José Echegaray y Eizaguirre (1832-1916)" |
| 530 ## - NOTA DISPONIBLE DE FORMULARIO FÍSICO ADICIONAL |
| Nota de formato físico adicional disponible |
Disponible en formato digital. |
| 650 #7 - PUNTO DE ACCESO ADICIONAL DE MATERIA--TÉRMINO DE MATERIA |
| Término de materia o nombre geográfico como elemento de entrada |
Ingeniería civil |
| Fuente del encabezamiento o término |
embne |
| 9 (RLIN) |
13771 |
| 776 08 - ENTRADA DE FORMULARIO FÍSICO ADICIONAL |
| Información de relación |
Versión electronica |
| Título |
Revista de obras públicas (Ed. Internet) |
| Número Internacional Normalizado para Publicaciones Seriadas |
1695-4408 |
| 852 ## - LOCALIZACIÓN |
| Ubicación |
ES-MaACL |
| Número de control de estantería |
HEM-H-457 |
| itemnumber |
2012 |
| Ubicación en estantería |
Hemeroteca |
| Nota libre |
Revista : Viva |
| 856 40 - LOCALIZACIÓN Y ACCESO ELECTRÓNICOS |
| Materiales especificados |
1978- |
| Nota pública |
Revista de obras públicas (Ed. Internet) |
| Identificador Uniforme de Recursos |
<a href="https://www.revistadeobraspublicas.com/">https://www.revistadeobraspublicas.com/</a> |
| Texto de enlace |
Acceso electrónico |
| 856 40 - LOCALIZACIÓN Y ACCESO ELECTRÓNICOS |
| Identificador Uniforme de Recursos |
<a href="https://dialnet.unirioja.es/servlet/revista?codigo=2013">https://dialnet.unirioja.es/servlet/revista?codigo=2013</a> |
| Texto de enlace |
Acceso a sumarios en Dialnet |
| 866 #0 - MENCIÓN TEXTUAL DE FONDOS--UNIDAD BIBLIOGRÁFICA BÁSICA |
| Fondos |
1853-92,(1897)1898-1922.1923-36.1940-42(1943)1944-60,(1976f.ene.-abr.)1977-2022 |
| Nota pública |
Ultimo numero recibido Nº.3633 En-Feb (2022) |
| 942 ## - ELEMENTOS DE ENTRADA SECUNDARIOS (KOHA) |
| Fuente del sistema de clasificación o colocación |
Clasificación decimal universal |
| Tipo de ítem Koha |
Revista |